000 00509cam a22001457a 4500
008 180718b1968 xxu||||| |||| 00| 0 eng d
082 _aT39 In8i
245 _aInternational Trade and Development: UNCTAD II, New Delhi, February-March 1968
_cedited by Sudershan K. Savra
260 _aNew Delhi
_bCommercial Pub. Bureau
_c1968
300 _a228p.
500 _aRs.10.00
650 _aUnited Nations Conference on Trade and Development, 1968
650 _aForeign Commerce
700 _aSavra, Sudershan K., ed.
999 _c370928
_d370928